Từ điển bách khoa Việt Nam T.3 N-S

Đã lưu trong:
Bibliografiske detaljer
Format: Bog
Udgivet: Hà Nội Từ điển bách khoa 2003
Fag:
Tags: Tilføj Tag
Ingen Tags, Vær først til at tagge denne postø!
Thư viện lưu trữ: Trung tâm Học liệu Lê Vũ Hùng, Trường Đại học Đồng Tháp
LEADER 00895pam a22002898a 4500
001 00034752
005 20171026081025.0
008 161021s2003 ||||||Viesd
020 |c 260000 
041 0 # |a Vie 
082 1 4 |a 030  |b T550Đ 
245 0 0 |a Từ điển bách khoa Việt Nam  |n T.3  |p N-S 
260 # # |a Hà Nội  |b Từ điển bách khoa  |c 2003 
300 # # |a 878 tr.  |b minh họa  |c 27 cm. 
500 # # |a ĐTTS ghi: Hội đồng quốc gia chỉ đạo biên soạn từ điển bách khoa Việt Nam 
653 # # |a Từ điển bách khoa 
653 # # |a Tự nhiên 
653 # # |a Việt Nam 
653 # # |a Xã hội 
852 # # |b Kho đọc  |j KD.0018638 
852 # # |j KD.0018638 
910 0 # |d 21/10/2016 
980 # # |a Trung tâm Học liệu Lê Vũ Hùng, Trường Đại học Đồng Tháp